[Event "XLIV Memoriał Szachowy Ludwika Zamenhofa 2025, Grupa A"]
[Site "Białystok, Poland"]
[Date "2025.12.29"]
[Round "6.7"]
[White "Rajbharath, Harjith"]
[Black "Mayorau, Mikita"]
[Result "1/2-1/2"]
[TimeControl "90'+30\""]
[WhiteElo "2002"]
[BlackElo "2472"]

1. d4 {[%clk 01:30:28]} {[%emt 00:00:31]} d5 {[%clk 01:22:08]} {[%emt
00:08:52]} 2. Nf3 {[%clk 01:30:11]} {[%emt 00:00:48]} e6 {[%clk 01:22:11]}
{[%emt 00:00:27]} 3. c4 {[%clk 01:30:32]} {[%emt 00:00:09]} Nf6 {[%clk
01:22:35]} {[%emt 00:00:05]} 4. Nc3 {[%clk 01:30:57]} {[%emt 00:00:05]} Be7
{[%clk 01:22:59]} {[%emt 00:00:06]} 5. Bg5 {[%clk 01:31:22]} {[%emt 00:00:06]}
O-O {[%clk 01:23:16]} {[%emt 00:00:13]} 6. e3 {[%clk 01:31:38]} {[%emt
00:00:14]} h6 {[%clk 01:23:19]} {[%emt 00:00:26]} 7. Bh4 {[%clk 01:31:46]}
{[%emt 00:00:22]} b6 {[%clk 01:23:35]} {[%emt 00:00:15]} 8. cxd5 {[%clk
01:30:38]} {[%emt 00:01:38]} Nxd5 {[%clk 01:23:27]} {[%emt 00:00:38]} 9. Bxe7
{[%clk 01:29:54]} Qxe7 {[%clk 01:23:54]} {[%emt 00:01:17]} 10. Nxd5 {[%clk
01:24:08]} {[%emt 00:06:17]} exd5 {[%clk 01:24:17]} {[%emt 00:00:06]} 11. Bd3
{[%clk 01:22:05]} {[%emt 00:02:33]} Be6 {[%clk 01:24:21]} {[%emt 00:00:26]} 12.
Rc1 {[%clk 01:18:27]} {[%emt 00:04:07]} c5 {[%clk 01:23:36]} {[%emt 00:01:15]}
13. O-O {[%clk 01:17:32]} {[%emt 00:01:25]} Nd7 {[%clk 01:22:56]} {[%emt
00:01:11]} 14. Qe2 {[%clk 01:03:29]} {[%emt 00:14:33]} Bg4 {[%clk 01:20:34]}
{[%emt 00:02:51]} 15. h3 {[%clk 01:00:14]} {[%emt 00:03:45]} Bxf3 {[%clk
01:20:37]} {[%emt 00:00:27]} 16. Qxf3 {[%clk 01:00:27]} {[%emt 00:00:17]} c4
{[%clk 01:20:59]} {[%emt 00:00:07]} 17. Bb1 {[%clk 00:54:23]} {[%emt 00:06:36]}
Nf6 {[%clk 01:21:21]} {[%emt 00:00:07]} 18. Rfe1 {[%clk 00:53:14]} {[%emt
00:01:39]} Qb4 {[%clk 01:17:42]} {[%emt 00:04:10]} 19. Qe2 {[%clk 00:40:45]}
{[%emt 00:12:59]} Rac8 {[%clk 01:13:49]} {[%emt 00:04:22]} 20. a3 {[%clk
00:37:07]} {[%emt 00:04:09]} Qd6 {[%clk 01:12:16]} {[%emt 00:02:02]} 21. Qd2
{[%clk 00:34:47]} {[%emt 00:02:51]} Rc7 {[%clk 01:11:15]} {[%emt 00:01:30]} 22.
e4 {[%clk 00:30:08]} {[%emt 00:05:09]} dxe4 {[%clk 01:11:06]} {[%emt 00:00:39]}
23. Bxe4 {[%clk 00:30:29]} {[%emt 00:00:09]} Rd8 {[%clk 01:05:12]} {[%emt
00:06:24]} 24. Rcd1 {[%clk 00:28:38]} {[%emt 00:02:22]} b5 {[%clk 01:00:43]}
{[%emt 00:04:58]} 25. Bf3 {[%clk 00:20:26]} {[%emt 00:08:43]} Rcd7 {[%clk
00:58:35]} {[%emt 00:02:38]} 26. Qa5 {[%clk 00:19:33]} {[%emt 00:01:23]} Rb8
{[%clk 00:54:28]} {[%emt 00:04:36]} 27. Re5 {[%clk 00:15:59]} {[%emt 00:04:05]}
Qb6 {[%clk 00:53:12]} {[%emt 00:01:45]} 28. Qxb6 {[%clk 00:15:26]} {[%emt
00:01:04]} Rxb6 {[%clk 00:53:36]} {[%emt 00:00:06]} 29. Rc5 {[%clk 00:15:29]}
{[%emt 00:00:27]} a6 {[%clk 00:50:55]} {[%emt 00:03:11]} 30. Rc6 {[%clk
00:14:04]} {[%emt 00:01:55]} Rxc6 {[%clk 00:50:08]} {[%emt 00:01:16]} 31. Bxc6
{[%clk 00:14:33]} {[%emt 00:00:01]} Rd6 {[%clk 00:50:06]} {[%emt 00:00:32]} 32.
d5 {[%clk 00:12:55]} {[%emt 00:02:09]} Kf8 {[%clk 00:49:57]} {[%emt 00:00:39]}
33. f3 {[%clk 00:12:39]} {[%emt 00:00:46]} Nd7 {[%clk 00:45:42]} {[%emt
00:04:45]} 34. a4 {[%clk 00:08:25]} {[%emt 00:04:44]} bxa4 {[%clk 00:45:14]}
{[%emt 00:00:58]} 35. Bxd7 {[%clk 00:08:36]} {[%emt 00:00:19]} Rxd7 {[%clk
00:45:38]} {[%emt 00:00:05]} 36. Rd4 {[%clk 00:09:03]} {[%emt 00:00:04]} Ke7
{[%clk 00:43:01]} {[%emt 00:03:06]} 37. Rxc4 {[%clk 00:08:52]} {[%emt
00:00:42]} Rxd5 {[%clk 00:43:11]} {[%emt 00:00:20]} 38. Rxa4 {[%clk 00:08:38]}
{[%emt 00:00:44]} Rd6 {[%clk 00:43:29]} {[%emt 00:00:12]} 39. Rb4 {[%clk
00:07:15]} {[%emt 00:01:53]} Ke6 {[%clk 00:42:51]} {[%emt 00:00:35]} 1/2-1/2

[Event "XLIV Memoriał Szachowy Ludwika Zamenhofa 2025, Grupa A"]
[Site "Białystok, Poland"]
[Date "2025.12.29"]
[Round "6.8"]
[White "Sernecki, Franciszek"]
[Black "Baum, Jonasz"]
[Result "0-1"]
[TimeControl "90'+30\""]
[WhiteElo "2306"]
[BlackElo "2446"]

1. d4 {[%clk 01:30:34]} {[%emt 00:00:25]} Nf6 {[%clk 01:30:56]} {[%emt
00:00:05]} 2. c4 {[%clk 01:30:58]} {[%emt 00:00:06]} e6 {[%clk 01:31:23]}
{[%emt 00:00:04]} 3. Nf3 {[%clk 01:31:22]} {[%emt 00:00:04]} d5 {[%clk
01:31:49]} {[%emt 00:00:05]} 4. Nc3 {[%clk 01:31:48]} {[%emt 00:00:04]} Bb4
{[%clk 01:32:16]} {[%emt 00:00:04]} 5. Qa4+ {[%clk 01:32:12]} {[%emt 00:00:05]}
Nc6 {[%clk 01:32:41]} {[%emt 00:00:05]} 6. e3 {[%clk 01:32:38]} {[%emt
00:00:04]} O-O {[%clk 01:32:53]} {[%emt 00:00:18]} 7. Qc2 {[%clk 01:32:54]}
{[%emt 00:00:14]} Na5 {[%clk 01:32:59]} {[%emt 00:00:25]} 8. cxd5 {[%clk
01:08:21]} {[%emt 00:25:03]} exd5 {[%clk 01:33:09]} {[%emt 00:00:19]} 9. Bd3
{[%clk 01:01:56]} {[%emt 00:06:54]} Bg4 {[%clk 01:30:26]} {[%emt 00:03:13]} 10.
Ne5 {[%clk 00:54:36]} {[%emt 00:07:50]} Be6 {[%clk 01:30:34]} {[%emt 00:00:23]}
11. O-O {[%clk 00:48:35]} {[%emt 00:06:30]} c5 {[%clk 01:20:02]} {[%emt
00:11:03]} 12. Bd2 {[%clk 00:39:50]} {[%emt 00:09:15]} Rc8 {[%clk 01:14:03]}
{[%emt 00:06:29]} 13. dxc5 {[%clk 00:35:42]} {[%emt 00:04:38]} Bxc5 {[%clk
01:10:31]} {[%emt 00:04:02]} 14. Rad1 {[%clk 00:33:44]} {[%emt 00:02:27]} a6
{[%clk 00:50:25]} {[%emt 00:20:38]} 15. Qb1 {[%clk 00:32:58]} {[%emt 00:01:15]}
Nc4 {[%clk 00:44:15]} {[%emt 00:06:40]} 16. Nxc4 {[%clk 00:31:20]} {[%emt
00:02:08]} dxc4 {[%clk 00:44:44]} {[%emt 00:00:01]} 17. Bf5 {[%clk 00:31:16]}
{[%emt 00:00:33]} Qd7 {[%clk 00:43:57]} {[%emt 00:01:18]} 18. Bxe6 {[%clk
00:29:41]} {[%emt 00:02:05]} Qxe6 {[%clk 00:44:26]} {[%emt 00:00:01]} 19. Ne2
{[%clk 00:27:11]} {[%emt 00:03:00]} Ne4 {[%clk 00:34:23]} {[%emt 00:10:32]} 20.
Bc3 {[%clk 00:26:04]} {[%emt 00:01:37]} Rfd8 {[%clk 00:29:07]} {[%emt
00:05:47]} 21. Rxd8+ {[%clk 00:23:37]} {[%emt 00:02:58]} Rxd8 {[%clk 00:29:36]}
{[%emt 00:00:01]} 22. Rd1 {[%clk 00:23:57]} {[%emt 00:00:09]} Rxd1+ {[%clk
00:26:55]} {[%emt 00:03:11]} 23. Qxd1 {[%clk 00:24:10]} {[%emt 00:00:16]} Qd6
{[%clk 00:26:26]} {[%emt 00:01:00]} 24. Qxd6 {[%clk 00:21:36]} {[%emt
00:03:04]} Bxd6 {[%clk 00:25:52]} {[%emt 00:01:04]} 25. Bd4 {[%clk 00:15:20]}
{[%emt 00:06:44]} f5 {[%clk 00:24:07]} {[%emt 00:02:17]} 26. h3 {[%clk
00:12:41]} {[%emt 00:03:09]} b5 {[%clk 00:22:55]} {[%emt 00:01:43]} 27. Kf1
{[%clk 00:08:31]} {[%emt 00:04:39]} Kf7 {[%clk 00:22:48]} {[%emt 00:00:37]} 28.
f3 {[%clk 00:08:25]} {[%emt 00:00:36]} Nc5 {[%clk 00:21:48]} {[%emt 00:01:30]}
29. Ke1 {[%clk 00:08:33]} {[%emt 00:00:22]} g6 {[%clk 00:19:04]} {[%emt
00:03:14]} 30. Kd2 {[%clk 00:08:19]} {[%emt 00:00:44]} Ke6 {[%clk 00:14:52]}
{[%emt 00:04:42]} 31. Bxc5 {[%clk 00:04:31]} {[%emt 00:04:18]} Bxc5 {[%clk
00:15:18]} {[%emt 00:00:04]} 32. b3 {[%clk 00:04:03]} {[%emt 00:00:58]} cxb3
{[%clk 00:08:36]} {[%emt 00:07:12]} 33. axb3 {[%clk 00:04:30]} {[%emt
00:00:03]} a5 {[%clk 00:08:45]} {[%emt 00:00:21]} 34. Kd3 {[%clk 00:01:23]}
{[%emt 00:03:36]} a4 {[%clk 00:08:23]} {[%emt 00:00:53]} 35. bxa4 {[%clk
00:00:39]} {[%emt 00:01:14]} bxa4 {[%clk 00:08:52]} 36. Kc4 {[%clk 00:00:51]}
{[%emt 00:00:19]} Bxe3 {[%clk 00:07:45]} {[%emt 00:01:37]} 37. Kb4 {[%clk
00:01:18]} {[%emt 00:00:02]} Kd5 {[%clk 00:08:00]} {[%emt 00:00:15]} 38. g4
{[%clk 00:00:37]} {[%emt 00:01:11]} f4 {[%clk 00:06:09]} {[%emt 00:02:21]} 39.
h4 {[%clk 00:00:45]} {[%emt 00:00:22]} a3 {[%clk 00:04:27]} {[%emt 00:02:12]}
40. Kxa3 {[%clk 00:00:49]} {[%emt 00:00:26]} Kc4 {[%clk 00:04:54]} {[%emt
00:00:03]} 41. Nd4 {[%clk 00:00:47]} {[%emt 00:00:32]} Bxd4 {[%clk 00:05:19]}
{[%emt 00:00:05]} 0-1

[Event "XLIV Memoriał Szachowy Ludwika Zamenhofa 2025, Grupa A"]
[Site "Białystok, Poland"]
[Date "2025.12.29"]
[Round "6.9"]
[White "Jakubowski, Krzysztof"]
[Black "Lewtak, Damian"]
[Result "1-0"]
[TimeControl "90'+30\""]
[WhiteElo "2437"]
[BlackElo "2333"]

1. Nf3 {[%clk 01:30:55]} {[%emt 00:00:05]} Nf6 {[%clk 01:30:37]} {[%emt
00:00:23]} 2. b3 {[%clk 01:29:15]} {[%emt 00:02:11]} d5 {[%clk 01:29:47]}
{[%emt 00:01:20]} 3. Bb2 {[%clk 01:29:36]} {[%emt 00:00:09]} e6 {[%clk
01:29:44]} {[%emt 00:00:33]} 4. g3 {[%clk 01:29:40]} {[%emt 00:00:25]} Bd6
{[%clk 01:29:19]} {[%emt 00:00:55]} 5. c4 {[%clk 01:28:04]} {[%emt 00:02:06]}
c6 {[%clk 01:27:02]} {[%emt 00:02:47]} 6. Bg2 {[%clk 01:27:32]} {[%emt
00:01:02]} O-O {[%clk 01:27:21]} {[%emt 00:00:11]} 7. O-O {[%clk 01:23:05]}
{[%emt 00:04:57]} Nbd7 {[%clk 01:24:46]} {[%emt 00:03:05]} 8. Nc3 {[%clk
01:21:30]} {[%emt 00:02:06]} a6 {[%clk 01:21:52]} {[%emt 00:03:23]} 9. d4
{[%clk 01:20:33]} {[%emt 00:01:27]} b5 {[%clk 01:22:16]} {[%emt 00:00:07]} 10.
Nd2 {[%clk 01:17:08]} {[%emt 00:03:54]} bxc4 {[%clk 01:18:24]} {[%emt
00:04:22]} 11. bxc4 {[%clk 01:13:20]} {[%emt 00:04:18]} Rb8 {[%clk 01:18:17]}
{[%emt 00:00:37]} 12. Rb1 {[%clk 01:12:29]} {[%emt 00:01:21]} a5 {[%clk
01:16:58]} {[%emt 00:01:49]} 13. e4 {[%clk 01:11:05]} {[%emt 00:01:54]} Bb4
{[%clk 01:07:41]} {[%emt 00:09:47]} 14. e5 {[%clk 00:50:03]} {[%emt 00:21:33]}
Ne8 {[%clk 01:06:15]} {[%emt 00:01:55]} 15. a3 {[%clk 00:44:50]} {[%emt
00:05:44]} Be7 {[%clk 01:06:10]} {[%emt 00:00:35]} 16. Qc2 {[%clk 00:39:07]}
{[%emt 00:06:12]} Ba6 {[%clk 01:00:10]} {[%emt 00:06:31]} 17. Rfe1 {[%clk
00:39:29]} {[%emt 00:00:08]} dxc4 {[%clk 00:59:05]} {[%emt 00:01:35]} 18. Nce4
{[%clk 00:37:02]} {[%emt 00:02:56]} Nb6 {[%clk 00:58:40]} {[%emt 00:00:55]} 19.
Nc5 {[%clk 00:37:02]} {[%emt 00:00:31]} Bxc5 {[%clk 00:58:20]} {[%emt
00:00:50]} 20. dxc5 {[%clk 00:37:28]} {[%emt 00:00:03]} Nd5 {[%clk 00:57:23]}
{[%emt 00:01:27]} 21. Bf1 {[%clk 00:31:30]} {[%emt 00:06:28]} c3 {[%clk
00:46:20]} {[%emt 00:11:33]} 22. Bxa6 {[%clk 00:30:11]} {[%emt 00:01:50]} cxb2
{[%clk 00:45:37]} {[%emt 00:01:12]} 23. Bd3 {[%clk 00:28:42]} {[%emt 00:01:59]}
g6 {[%clk 00:44:42]} {[%emt 00:01:25]} 24. Nc4 {[%clk 00:27:46]} {[%emt
00:01:26]} Ng7 {[%clk 00:43:59]} {[%emt 00:01:13]} 25. Rxb2 {[%clk 00:26:17]}
{[%emt 00:01:59]} Rxb2 {[%clk 00:42:47]} {[%emt 00:01:43]} 26. Qxb2 {[%clk
00:25:26]} {[%emt 00:01:21]} Qe7 {[%clk 00:42:34]} {[%emt 00:00:43]} 27. Nd6
{[%clk 00:24:24]} {[%emt 00:01:32]} Qa7 {[%clk 00:42:56]} {[%emt 00:00:06]} 28.
Rb1 {[%clk 00:23:35]} {[%emt 00:01:20]} Qxc5 {[%clk 00:39:33]} {[%emt
00:03:53]} 29. Rc1 {[%clk 00:23:38]} {[%emt 00:00:27]} Qa7 {[%clk 00:39:57]}
{[%emt 00:00:06]} 30. Rxc6 {[%clk 00:24:03]} {[%emt 00:00:05]} Nf5 {[%clk
00:39:15]} {[%emt 00:01:12]} 31. Bxf5 {[%clk 00:21:44]} {[%emt 00:02:49]} gxf5
{[%clk 00:39:29]} {[%emt 00:00:16]} 32. Qc1 {[%clk 00:20:30]} {[%emt 00:01:43]}
Qe7 {[%clk 00:29:56]} {[%emt 00:10:05]} 33. Rc5 {[%clk 00:18:53]} {[%emt
00:02:07]} f4 {[%clk 00:26:55]} {[%emt 00:03:30]} 34. Ne4 {[%clk 00:17:56]}
{[%emt 00:01:27]} Kh8 {[%clk 00:24:08]} {[%emt 00:03:17]} 35. Qc2 {[%clk
00:16:11]} {[%emt 00:02:15]} Kg7 {[%clk 00:22:23]} {[%emt 00:02:15]} 36. Rxa5
{[%clk 00:16:09]} {[%emt 00:00:32]} Qb7 {[%clk 00:22:06]} {[%emt 00:00:47]} 37.
Nf6 {[%clk 00:15:07]} {[%emt 00:01:32]} Nxf6 {[%clk 00:19:41]} {[%emt
00:02:55]} 38. exf6+ {[%clk 00:15:33]} {[%emt 00:00:05]} Kxf6 {[%clk 00:20:04]}
{[%emt 00:00:06]} 39. Qxh7 {[%clk 00:05:00]} {[%emt 00:11:03]} Rc8 {[%clk
00:20:08]} {[%emt 00:00:27]} 40. Qh6+ {[%clk 00:04:52]} {[%emt 00:00:37]} Ke7
{[%clk 00:20:13]} {[%emt 00:00:25]} 41. Qxf4 {[%clk 00:05:00]} {[%emt
00:00:23]} Qb1+ {[%clk 00:18:59]} {[%emt 00:01:42]} 42. Kg2 {[%clk 00:05:25]}
{[%emt 00:00:06]} Qb7+ {[%clk 00:19:21]} {[%emt 00:00:09]} 43. Qf3 {[%clk
00:05:20]} {[%emt 00:00:34]} Qb6 {[%clk 00:19:42]} {[%emt 00:00:09]} 44. Ra4
{[%clk 00:05:23]} {[%emt 00:00:28]} Rc7 {[%clk 00:19:58]} {[%emt 00:00:13]} 45.
Qe4 {[%clk 00:05:08]} {[%emt 00:00:45]} Qd6 {[%clk 00:19:24]} {[%emt 00:01:04]}
46. Qh4+ {[%clk 00:04:30]} {[%emt 00:01:08]} 1-0

[Event "XLIV Memoriał Szachowy Ludwika Zamenhofa 2025, Grupa A"]
[Site "Białystok, Poland"]
[Date "2025.12.29"]
[Round "6.10"]
[White "Turski, Bartlomiej"]
[Black "Wojdak, Jan"]
[Result "1/2-1/2"]
[TimeControl "90'+30\""]
[WhiteElo "2411"]
[BlackElo "2214"]

1. e4 {[%clk 01:30:57]} {[%emt 00:00:02]} c5 {[%clk 01:28:38]} {[%emt
00:02:23]} 2. Nf3 {[%clk 01:31:22]} {[%emt 00:00:05]} d6 {[%clk 01:29:04]}
{[%emt 00:00:04]} 3. d4 {[%clk 01:31:42]} {[%emt 00:00:10]} cxd4 {[%clk
01:27:58]} {[%emt 00:01:36]} 4. Qxd4 {[%clk 01:31:53]} {[%emt 00:00:19]} a6
{[%clk 01:21:14]} {[%emt 00:07:13]} 5. c4 {[%clk 01:31:45]} {[%emt 00:00:39]}
Nc6 {[%clk 01:21:31]} {[%emt 00:00:13]} 6. Qe3 {[%clk 01:31:10]} {[%emt
00:01:04]} Nf6 {[%clk 01:21:40]} {[%emt 00:00:22]} 7. Nc3 {[%clk 01:31:13]}
{[%emt 00:00:27]} Bg4 {[%clk 01:19:50]} {[%emt 00:02:20]} 8. Be2 {[%clk
01:27:39]} {[%emt 00:04:03]} g6 {[%clk 01:16:34]} {[%emt 00:03:46]} 9. O-O
{[%clk 01:27:08]} {[%emt 00:01:01]} Bg7 {[%clk 01:15:49]} {[%emt 00:01:16]} 10.
Rd1 {[%clk 01:25:41]} {[%emt 00:01:56]} Qc7 {[%clk 00:55:06]} {[%emt 00:21:14]}
11. h3 {[%clk 01:20:05]} {[%emt 00:06:06]} Bxf3 {[%clk 00:54:42]} {[%emt
00:00:54]} 12. Bxf3 {[%clk 01:19:43]} {[%emt 00:00:51]} Ne5 {[%clk 00:49:01]}
{[%emt 00:06:11]} 13. b3 {[%clk 01:19:08]} {[%emt 00:01:05]} Nxf3+ {[%clk
00:48:52]} {[%emt 00:00:39]} 14. Qxf3 {[%clk 01:18:29]} {[%emt 00:01:09]} O-O
{[%clk 00:46:13]} {[%emt 00:03:09]} 15. Bb2 {[%clk 01:18:40]} {[%emt 00:00:20]}
Rac8 {[%clk 00:41:19]} {[%emt 00:05:24]} 16. Re1 {[%clk 01:16:22]} {[%emt
00:02:48]} Rfe8 {[%clk 00:40:00]} {[%emt 00:01:48]} 17. Rad1 {[%clk 01:15:54]}
{[%emt 00:00:58]} Qb8 {[%clk 00:38:27]} {[%emt 00:02:04]} 18. Nd5 {[%clk
01:13:18]} {[%emt 00:03:06]} Nxd5 {[%clk 00:38:45]} {[%emt 00:00:13]} 19. Bxg7
{[%clk 01:13:41]} {[%emt 00:00:06]} Kxg7 {[%clk 00:39:12]} {[%emt 00:00:03]} 20.
Rxd5 {[%clk 01:13:38]} {[%emt 00:00:33]} Rc5 {[%clk 00:32:28]} {[%emt
00:07:14]} 21. Qc3+ {[%clk 01:07:15]} {[%emt 00:06:52]} Kg8 {[%clk 00:32:47]}
{[%emt 00:00:11]} 22. Red1 {[%clk 01:07:37]} {[%emt 00:00:08]} Rec8 {[%clk
00:28:34]} {[%emt 00:04:43]} 23. Rxc5 {[%clk 01:07:45]} {[%emt 00:00:22]}
1/2-1/2

[Event "XLIV Memoriał Szachowy Ludwika Zamenhofa 2025, Grupa A"]
[Site "Białystok, Poland"]
[Date "2025.12.29"]
[Round "6.11"]
[White "Kokoszczynski, Jan"]
[Black "Korszanski, Stanislaw"]
[Result "1-0"]
[TimeControl "90'+30\""]
[WhiteElo "2275"]
[BlackElo "2187"]

1. Nf3 {[%clk 01:29:09]} {[%emt 00:01:50]} Nf6 {[%clk 01:29:22]} {[%emt
00:01:39]} 2. c4 {[%clk 01:29:09]} {[%emt 00:00:30]} b6 {[%clk 01:27:29]}
{[%emt 00:02:23]} 3. g3 {[%clk 01:29:25]} {[%emt 00:00:13]} Bb7 {[%clk
01:27:50]} {[%emt 00:00:09]} 4. d4 {[%clk 01:29:28]} {[%emt 00:00:28]} g6
{[%clk 01:27:55]} {[%emt 00:00:25]} 5. Bg2 {[%clk 01:29:27]} {[%emt 00:00:31]}
Bg7 {[%clk 01:28:20]} {[%emt 00:00:06]} 6. O-O {[%clk 01:29:15]} {[%emt
00:00:41]} O-O {[%clk 01:28:39]} {[%emt 00:00:12]} 7. b3 {[%clk 01:26:41]}
{[%emt 00:03:04]} a5 {[%clk 01:19:34]} {[%emt 00:09:34]} 8. Bb2 {[%clk
01:23:55]} {[%emt 00:03:17]} e6 {[%clk 01:18:55]} {[%emt 00:01:08]} 9. Nbd2
{[%clk 01:23:40]} {[%emt 00:00:45]} a4 {[%clk 01:18:00]} {[%emt 00:01:25]} 10.
Qc2 {[%clk 01:22:51]} {[%emt 00:01:19]} d6 {[%clk 01:09:28]} {[%emt 00:09:03]}
11. e4 {[%clk 01:19:42]} {[%emt 00:03:38]} c5 {[%clk 01:03:48]} {[%emt
00:06:11]} 12. e5 {[%clk 01:04:00]} {[%emt 00:16:12]} dxe5 {[%clk 01:02:58]}
{[%emt 00:01:19]} 13. dxe5 {[%clk 01:02:48]} {[%emt 00:01:42]} Nfd7 {[%clk
00:57:12]} {[%emt 00:06:17]} 14. Ne4 {[%clk 01:02:41]} {[%emt 00:00:37]} axb3
{[%clk 00:49:47]} {[%emt 00:07:55]} 15. axb3 {[%clk 01:02:51]} {[%emt
00:00:20]} Qc7 {[%clk 00:44:31]} {[%emt 00:05:45]} 16. Nf6+ {[%clk 01:00:38]}
{[%emt 00:02:43]} Kh8 {[%clk 00:43:35]} {[%emt 00:01:27]} 17. Rxa8 {[%clk
00:45:53]} {[%emt 00:15:17]} Bxa8 {[%clk 00:43:57]} {[%emt 00:00:07]} 18. Qe2
{[%clk 00:44:07]} {[%emt 00:02:16]} Bxf3 {[%clk 00:24:31]} {[%emt 00:19:56]} 19.
Qxf3 {[%clk 00:34:33]} {[%emt 00:10:04]} Rc8 {[%clk 00:22:19]} {[%emt
00:02:42]} 20. Nxd7 {[%emt 00:12:56]} Nxd7 {[%clk 00:19:51]} 21. Qxf7 {[%clk
00:24:28]} {[%emt 00:01:07]} Nxe5 {[%clk 00:19:59]} {[%emt 00:00:22]} 22. Qxc7
{[%clk 00:12:12]} {[%emt 00:12:46]} Rxc7 {[%clk 00:20:27]} {[%emt 00:00:01]} 23.
Re1 {[%clk 00:12:34]} {[%emt 00:00:08]} Nf3+ {[%clk 00:20:19]} {[%emt
00:00:38]} 24. Bxf3 {[%clk 00:12:59]} {[%emt 00:00:05]} Bxb2 {[%clk 00:20:45]}
{[%emt 00:00:04]} 25. Rxe6 {[%clk 00:13:27]} {[%emt 00:00:02]} Ra7 {[%clk
00:15:50]} {[%emt 00:05:25]} 26. Rxb6 {[%clk 00:12:32]} {[%emt 00:01:25]} Bd4
{[%clk 00:15:53]} {[%emt 00:00:28]} 27. Bd5 {[%clk 00:12:27]} {[%emt 00:00:35]}
Ra1+ {[%clk 00:14:37]} {[%emt 00:01:46]} 28. Kg2 {[%clk 00:12:50]} {[%emt
00:00:06]} Rb1 {[%clk 00:15:00]} {[%emt 00:00:06]} 29. Rb8+ {[%clk 00:12:27]}
{[%emt 00:00:54]} Kg7 {[%clk 00:15:29]} {[%emt 00:00:02]} 30. Rb7+ {[%clk
00:12:50]} {[%emt 00:00:06]} Kh8 {[%clk 00:15:23]} {[%emt 00:00:35]} 31. Rb8+
{[%clk 00:08:50]} {[%emt 00:04:30]} Kg7 {[%clk 00:14:54]} {[%emt 00:01:00]} 32.
Rg8+ {[%clk 00:09:14]} {[%emt 00:00:06]} Kh6 {[%clk 00:14:55]} {[%emt
00:00:29]} 33. h4 {[%clk 00:09:39]} {[%emt 00:00:05]} Rb2 {[%clk 00:14:29]}
{[%emt 00:00:55]} 34. Rf8 {[%clk 00:06:38]} {[%emt 00:03:31]} Rxb3 {[%clk
00:14:07]} {[%emt 00:00:53]} 35. Rf7 {[%clk 00:03:30]} {[%emt 00:03:37]} Rb6
{[%clk 00:07:48]} {[%emt 00:06:50]} 36. g4 {[%clk 00:03:23]} {[%emt 00:00:37]}
g5 {[%clk 00:06:48]} {[%emt 00:01:30]} 37. Be4 {[%clk 00:02:54]} {[%emt
00:00:59]} gxh4 {[%clk 00:07:10]} {[%emt 00:00:08]} 38. f4 {[%clk 00:02:57]}
{[%emt 00:00:27]} Rb2+ {[%clk 00:05:07]} {[%emt 00:02:33]} 39. Kf1 {[%clk
00:02:23]} {[%emt 00:01:04]} Bg7 {[%clk 00:05:12]} {[%emt 00:00:26]} 40. g5+
{[%clk 00:02:19]} {[%emt 00:00:34]} Kh5 {[%clk 00:05:40]} {[%emt 00:00:02]} 41.
Rxg7 {[%clk 00:02:40]} {[%emt 00:00:08]} Kg4 {[%clk 00:06:06]} {[%emt
00:00:05]} 42. Rxh7 {[%clk 00:02:32]} {[%emt 00:00:37]} Kxf4 {[%clk 00:06:23]}
{[%emt 00:00:14]} 43. Rxh4+ {[%clk 00:02:20]} {[%emt 00:00:41]} Kxg5 {[%clk
00:06:45]} {[%emt 00:00:08]} 44. Rh8 {[%clk 00:02:06]} {[%emt 00:00:43]} Kf4
{[%clk 00:06:51]} {[%emt 00:00:25]} 45. Bd5 {[%clk 00:02:19]} {[%emt 00:00:17]}
Ke3 {[%emt 00:00:18]} 46. Re8+ {[%clk 00:02:39]} Kd3 {[%clk 00:07:39]} {[%emt
00:00:03]} 47. Rf8 {[%clk 00:02:49]} {[%emt 00:00:20]} Ke3 {[%clk 00:07:44]}
{[%emt 00:00:26]} 48. Rf3+ {[%clk 00:03:06]} {[%emt 00:00:12]} Kd4 {[%clk
00:08:08]} {[%emt 00:00:05]} 49. Rf2 {[%clk 00:03:29]} {[%emt 00:00:08]} Rb8
{[%clk 00:08:23]} {[%emt 00:00:15]} 50. Ke2 {[%clk 00:03:34]} {[%emt 00:00:25]}
Rb2+ {[%clk 00:08:28]} {[%emt 00:00:25]} 51. Kf3 {[%clk 00:03:56]} {[%emt
00:00:07]} Rb3+ {[%clk 00:08:55]} {[%emt 00:00:04]} 52. Kf4 {[%clk 00:04:16]}
{[%emt 00:00:09]} Rb8 {[%clk 00:09:24]} {[%emt 00:00:03]} 53. Rd2+ {[%clk
00:04:35]} {[%emt 00:00:10]} Kc3 {[%clk 00:09:46]} {[%emt 00:00:09]} 54. Rd1
{[%clk 00:04:58]} {[%emt 00:00:05]} Re8 {[%clk 00:10:10]} {[%emt 00:00:07]} 55.
Kf5 {[%clk 00:05:06]} {[%emt 00:00:22]} Kc2 {[%clk 00:10:36]} {[%emt 00:00:05]}
56. Rh1 {[%clk 00:05:23]} {[%emt 00:00:12]} Kc3 {[%clk 00:10:53]} {[%emt
00:00:13]} 57. Rh3+ {[%clk 00:05:31]} {[%emt 00:00:22]} Kd4 {[%clk 00:11:20]}
{[%emt 00:00:04]} 58. Rh4+ {[%clk 00:05:58]} {[%emt 00:00:03]} Kd3 {[%clk
00:11:47]} {[%emt 00:00:03]} 59. Rh6 {[%clk 00:06:21]} {[%emt 00:00:06]} Kd4
{[%clk 00:12:11]} {[%emt 00:00:06]} 60. Kf6 {[%clk 00:05:36]} {[%emt 00:01:14]}
Re2 {[%clk 00:12:22]} {[%emt 00:00:20]} 61. Kf7 {[%clk 00:05:33]} {[%emt
00:00:32]} Ra2 {[%clk 00:12:26]} {[%emt 00:00:27]} 62. Rh4+ {[%clk 00:05:26]}
{[%emt 00:00:36]} Kc3 {[%clk 00:12:39]} {[%emt 00:00:18]} 63. Ke6 {[%clk
00:05:15]} {[%emt 00:00:40]} Ra6+ {[%clk 00:13:00]} {[%emt 00:00:11]} 64. Ke5
{[%clk 00:04:40]} {[%emt 00:01:03]} Rg6 {[%clk 00:13:20]} {[%emt 00:00:11]} 65.
Rh8 {[%clk 00:04:54]} {[%emt 00:00:16]} Rg4 {[%clk 00:13:20]} {[%emt 00:00:31]}
66. Rc8 {[%clk 00:05:01]} {[%emt 00:00:21]} Kb4 {[%clk 00:13:43]} {[%emt
00:00:08]} 67. Rb8+ {[%clk 00:05:28]} {[%emt 00:00:03]} Kc3 {[%clk 00:13:56]}
{[%emt 00:00:18]} 68. Rb5 {[%clk 00:03:49]} {[%emt 00:02:08]} Rg5+ {[%clk
00:14:21]} {[%emt 00:00:06]} 69. Ke4 {[%clk 00:03:49]} {[%emt 00:00:39]} 1-0